Sports Quiz

Random Sports or Basketball Quiz

NBA: All-Star Starters 2000s Quiz Stats

 Plays Quiz not verified by Sporcle

Score 0/120 Timer 08:00
0 Plays Today
% Correct
Kobe Bryant (LA Lakers)
98.3%
Kobe Bryant (LA Lakers)
98.3%
Kobe Bryant (LA Lakers) (MVP)
98.3%
Kobe Bryant (LA Lakers)
98.3%
Kobe Bryant (LA Lakers)
98.3%
Kobe Bryant (LA Lakers)
98.3%
Kobe Bryant (LA Lakers)
98.3%
Kobe Bryant (LA Lakers) (MVP)
98.3%
Kobe Bryant (LA Lakers)
98.3%
Kobe Bryant (LA Lakers) (co-MVP)
98.3%
Shaquille O'Neal (LA Lakers) (MVP)
97.5%
Shaquille O'Neal (Miami)
97.5%
Shaquille O'Neal (Miami)
97.5%
Shaquille O'Neal (Miami)
97.5%
LeBron James (Cleveland)
96.9%
LeBron James (Cleveland) (MVP)
96.9%
LeBron James (Cleveland)
96.9%
LeBron James (Cleveland) (MVP)
96.9%
LeBron James (Cleveland)
96.9%
Jermaine O'Neal (Indiana)
96.1%
Jermaine O'Neal (Indiana)
96.1%
Dwyane Wade (Miami)
93.9%
Dwyane Wade (Miami)
93.9%
Dwyane Wade (Miami)
93.9%
Dwyane Wade (Miami)
93.9%
Kevin Garnett (Minnesota)
92.4%
Kevin Garnett (Minnesota)
92.4%
Kevin Garnett (Minnesota)
92.4%
Kevin Garnett (Minnesota) (MVP)
92.4%
Kevin Garnett (Minnesota)
92.4%
Kevin Garnett (Minnesota)
92.4%
Kevin Garnett (Minnesota)
92.4%
Kevin Garnett (Boston)
92.4%
Allen Iverson (Philadelphia)
91.3%
Allen Iverson (Philadelphia) (MVP)
91.3%
Allen Iverson (Philadelphia)
91.3%
Allen Iverson (Philadelphia)
91.3%
Allen Iverson (Philadelphia)
91.3%
Allen Iverson (Philadelphia) (MVP)
91.3%
Allen Iverson (Philadelphia)
91.3%
% Correct
Allen Iverson (Denver)
91.3%
Allen Iverson (Detroit)
91.3%
Phil Jackson (LA Lakers)
91.2%
Phil Jackson (LA Lakers)
91.2%
Tim Duncan (San Antonio) (MVP)
90.3%
Tim Duncan (San Antonio)
90.3%
Tim Duncan (San Antonio)
90.3%
Tim Duncan (San Antonio)
90.3%
Tim Duncan (San Antonio)
90.3%
Tim Duncan (San Antonio)
90.3%
Tim Duncan (San Antonio)
90.3%
Tim Duncan (San Antonio)
90.3%
Tim Duncan (San Antonio)
90.3%
Tim Duncan (San Antonio)
90.3%
Steve Nash (Phoenix)
89.8%
Dwight Howard (Orlando)
89.3%
Dwight Howard (Orlando)
89.3%
Yao Ming (Houston)
87.8%
Yao Ming (Houston)
87.8%
Yao Ming (Houston)
87.8%
Yao Ming (Houston)
87.8%
Yao Ming (Houston)
87.8%
Yao Ming (Houston)
87.8%
Jason Kidd (Phoenix)
86.2%
Jason Kidd (Phoenix)
86.2%
Jason Kidd (New Jersey)
86.2%
Jason Kidd (New Jersey)
86.2%
Tracy McGrady (Orlando)
85.2%
Tracy McGrady (Orlando)
85.2%
Tracy McGrady (Orlando)
85.2%
Tracy McGrady (Houston)
85.2%
Tracy McGrady (Houston)
85.2%
Tracy McGrady (Houston)
85.2%
Dirk Nowitzki (Dallas)
83.2%
Vince Carter (Toronto)
82.2%
Vince Carter (Toronto)
82.2%
Vince Carter (Toronto)
82.2%
Vince Carter (Toronto)
82.2%
Vince Carter (New Jersey)
82.2%
Chris Paul (New Orleans)
81.1%
% Correct
Chris Bosh (Toronto)
78%
Chris Bosh (Toronto)
78%
Carmelo Anthony (Denver)
77.3%
Amare Stoudemire (Phoenix)
76%
Ben Wallace (Detroit)
71.6%
Ben Wallace (Detroit)
71.6%
Michael Jordan (Washington)
71.5%
Michael Jordan (Washington)
71.5%
Eddie Jordan (Washington)
71.3%
Gregg Popovich (San Antonio)
69.5%
Avery Johnson (Dallas)
65.4%
Mike Brown (Cleveland)
65.1%
Larry Brown (Philadelphia)
64.7%
Doc Rivers (Boston)
61.4%
Chris Webber (Sacramento)
59.4%
Chris Webber (Sacramento)
59.4%
Gilbert Arenas (Washington)
52.1%
Dikembe Mutombo (Philadelphia)
49.8%
Steve Francis (Houston)
48.4%
Steve Francis (Houston)
48.4%
Steve Francis (Houston)
48.4%
Alonzo Mourning (Miami)
47.7%
Antonio Davis (Toronto)
46.8%
Stan Van Gundy (Miami)
46.2%
Jeff Van Gundy (New York)
46.1%
Grant Hill (Detroit)
45.1%
Grant Hill (Orlando)
45.1%
Eddie Jones (Miami)
34.8%
Antoine Walker (Boston)
34.5%
Rick Carlisle (Indiana)
33.9%
Byron Scott (New Orleans)
33.9%
Byron Scott (New Jersey)
33.9%
Mike D'Antoni (Phoenix)
31.2%
Don Nelson (Dallas)
29.6%
Rick Adelman (Sacramento)
26.6%
Rick Adelman (Sacramento)
26.6%
Flip Saunders (Minnesota)
26.5%
Flip Saunders (Detroit)
26.5%
Isiah Thomas (Indiana)
21.3%
Anthony Mason (Miami)
11.1%

You're not logged in!

Compare scores with friends on all Sporcle quizzes.
OR
Log In

Show Comments

Extras

Top Quizzes Today


Score Distribution

Your Account Isn't Verified!

In order to create a playlist on Sporcle, you need to verify the email address you used during registration. Go to your Sporcle Settings to finish the process.

Report this User

Report this user for behavior that violates our Community Guidelines.

Details: